Équipes des Dresseurs Pokémon (Sinnoh) - Statistiques

Statistiques générales
  • Ce quiz a été pris 492 fois
  • Le résultat moyen est 667 sur 770
Statistiques - réponses
Lieux Dresseurs Pokémon % Correct
ou Ouisticram
99%
ou Ouisticram
99%
Route 207 Campeur Gérard Ouisticram
99%
ou Tiplouf
99%
ou Tiplouf
99%
Pique-Nique Meg Tiplouf
99%
Fillette Yolène Étourmi
98%
Féli-Cité Élève Yanis Étourmi
98%
Étourmi
98%
Étourmi
98%
Entrée de Charbourg Campeur Erik Étourmi
98%
Ornithologue Armelle Étourmi
98%
Cycliste Lydia Étourmi
98%
Étourmi
98%
Étourmi
98%
Cycliste Carl Étourmi
98%
Route 201 Rival Barry Tortipouss
98%
Route 203 Rival Barry Tortipouss
98%
Champion Flo Tortipouss
98%
Route 202 Gamin Rachid Keunotor
97%
Élève Ally Keunotor
97%
Fillette Vanina Keunotor
97%
Pique-Nique Séléna Keunotor
97%
Pique-Nique Anastacia Keunotor
97%
Mine de Charbourg Ouvrier Ugo Racaillou
97%
Ouvrier Manfred Racaillou
97%
Arène de Charbourg Gamin Justin Racaillou
97%
Gamin Antonio Racaillou
97%
Champion Pierrick Racaillou
97%
Montagnard Marcos Racaillou
97%
Racaillou
97%
Racaillou
97%
Montagnard Maxime Racaillou
97%
Montagnard Malo Racaillou
97%
Racaillou
97%
Ruinemaniac Yassine Racaillou
97%
Montagnard Hervé Racaillou
97%
Montagnard Achille Racaillou
97%
Racaillou
97%
Racaillou
97%
Ouvrier Norbert Racaillou
97%
Racaillou
97%
ou Chimpenfeu
96%
ou Chimpenfeu
96%
Pkmn Ranger Boris Chimpenfeu
96%
Léviator
96%
Léviator
96%
Champion Lovis Léviator
96%
Léviator
96%
Nageur Eustache Léviator
96%
Léviator
96%
Léviator
96%
Léviator
96%
Pêcheur Xavier Léviator
96%
Duo Jan & Zoé Léviator
96%
Route 218 Pêcheur Renaud Léviator
96%
Léviator
96%
Léviator
96%
Léviator
96%
Léviator
96%
Léviator
96%
Léviator
96%
Léviator
96%
Nageur Tony Léviator
96%
Gamin Gavin Lixy
96%
Lixy
96%
Route 204 Fillette Sarah Lixy
96%
Cycliste Imbert Lixy
96%
Lixy
96%
Lixy
96%
Gamin Eduin Magicarpe
96%
Pêcheur Adrien Magicarpe
96%
Magicarpe
96%
Magicarpe
96%
Magicarpe
96%
Magicarpe
96%
Magicarpe
96%
Pêcheur Pacôme Magicarpe
96%
Magicarpe
96%
Pêcheur Dominique Magicarpe
96%
Pêcheur Christophe Magicarpe
96%
Pêcheur Jordy Magicarpe
96%
Nosférapti
96%
Sbire Galaxie Nosférapti
96%
Nosférapti
96%
Sbire Galaxie Nosférapti
96%
Commandant Mars Nosférapti
96%
QG Galaxie Vestigion Sbire Galaxie Nosférapti
96%
Sbire Galaxie Nosférapti
96%
Commandant Jupiter Nosférapti
96%
Route 211 (ouest) Ninja Fan Jérémie Nosférapti
96%
Nosférapti
96%
Nosférapti
96%
Ninja Fan Gilles Nosférapti
96%
Voilaroc Sbire Galaxie Nosférapti
96%
Sbire Galaxie Nosférapti
96%
Route 210 (retour) Ninja Fan Yorick Nosférapti
96%
Sbire Galaxie Nosférapti
96%
ou Prinplouf
96%
ou Prinplouf
96%
Richard Wilfried Prinplouf
96%
Boskara
95%
Boskara
95%
Boskara
95%
Étouraptor
95%
Joliberges Rival Barry Étouraptor
95%
Étouraptor
95%
Vénérable Baptiste Étouraptor
95%
Duo Ali & Kate Étouraptor
95%
Ligue Pokémon Rival Barry Étouraptor
95%
Cycliste Vérona Étourvol
95%
Étourvol
95%
Gamin Vincent Étourvol
95%
Unionpolis Rival Barry Étourvol
95%
Joggeur Olivier Étourvol
95%
Joggeur Lino Étourvol
95%
Verchamps Rival Barry Étourvol
95%
Lucario
95%
Île de Fer Dresseur Armand Lucario
95%
Lucario
95%
Gamin Nathan Machoc
95%
Machoc
95%
Combattante Johana Machoc
95%
Combattante Jennifer Machoc
95%
Karatéka Tensuy Machoc
95%
Karatéka Hubert Machoc
95%
Machoc
95%
Machoc
95%
Machoc
95%
Karatéka Ernest Machoc
95%
Forge Fuego Ouvrier Aristide Machoc
95%
Machoc
95%
Machoc
95%
Machoc
95%
Machoc
95%
Machoc
95%
Machoc
95%
ou Pingoléon
95%
Pingoléon
95%
ou Pingoléon
95%
Aroma Lorna Rosélia
95%
Rosélia
95%
Aroma Reine Rosélia
95%
Aroma Marissa Rosélia
95%
Rosélia
95%
Topdresseuse Martina Rosélia
95%
Aroma Ophélie Rosélia
95%
ou Rosélia
95%
Mondaine Irène Rosélia
95%
Roserade
95%
ou Roserade
95%
ou Roserade
95%
Roserade
95%
ou Simiabraz
95%
ou Simiabraz
95%
Simiabraz
95%
Torterra
95%
Torterra
95%
Torterra
95%
Bastiodon
94%
Carchacrok
94%
Sbire Galaxie Chaglam
94%
Les Éoliennes Sbire Galaxie Chaglam
94%
Sbire Galaxie Chaglam
94%
Chaglam
94%
Sbire Galaxie Chaglam
94%
Chaglam
94%
Route 213 (plage) Canon Océane Chaglam
94%
Sbire Galaxie Chaglam
94%
Lac Courage Sbire Galaxie Chaglam
94%
Chaglam
94%
Lac Vérité Sbire Galaxie Chaglam
94%
Chaglam
94%
QG Galaxie Voilaroc Sbire Galaxie Chaglam
94%
Sbire Galaxie Chaglam
94%
Chaglam
94%
Chaglam
94%
Chaglam
94%
Sbire Galaxie Chaglam
94%
Sbire Galaxie Chaglam
94%
Luxio
94%
Joggeur Amir Luxio
94%
Joggeur Damian Luxio
94%
Luxio
94%
Luxio
94%
Luxio
94%
Luxio
94%
Luxio
94%
Guitariste Virgile Luxio
94%
Luxio
94%
Arène de Voilaroc Karatéka Saburo Machopeur
94%
Machopeur
94%
Machopeur
94%
Machopeur
94%
Machopeur
94%
Machopeur
94%
Vénérable Dylan Machopeur
94%
Machopeur
94%
Machopeur
94%
Karatéka Hideaki Machopeur
94%
Machopeur
94%
Machopeur
94%
Machopeur
94%
Karatéka Fuhito Machopeur
94%
Machopeur
94%
Machopeur
94%
Machopeur
94%
Machopeur
94%
Nosferalto
94%
Nosferalto
94%
Nosferalto
94%
Nosferalto
94%
Sbire Galaxie Nosferalto
94%
Commandant Saturne Nosferalto
94%
Nosferalto
94%
Commandant Mars Nosferalto
94%
Ninja Fan Adel Nosferalto
94%
Nosferalto
94%
Hangar Galaxie Sbire Galaxie Nosferalto
94%
Sbire Galaxie Nosferalto
94%
Nosferalto
94%
Sbire Galaxie Nosferalto
94%
Commandant Saturne Nosferalto
94%
Nosferalto
94%
Nosferalto
94%
Sbire Galaxie Nosferalto
94%
Nosferalto
94%
Sbire Galaxie Nosferalto
94%
Commandants Jupiter & Mars Nosferalto
94%
Nosferalto
94%
Rozbouton
94%
Fillette Rachel Rozbouton
94%
Aroma Elaine Rozbouton
94%
Aroma Gentiane Rozbouton
94%
Rozbouton
94%
Rozbouton
94%
Route 209 Éleveur Richard Rozbouton
94%
Éleveuse Ludivine Rozbouton
94%
Abra
93%
Kinésiste Jessica Abra
93%
Kinésiste Terence Abra
93%
Onix
93%
Onix
93%
Montagnard Léger Onix
93%
Onix
93%
Montagnard Timéo Onix
93%
Onix
93%
Montagnard Jérôme Onix
93%
Onix
93%
Route 208 Montagnard Raoul Onix
93%
Onix
93%
Route 206 Cycliste Vassili Pikachu
93%
Cycliste Babette Pikachu
93%
Route 210 Joggeur Isaac Pikachu
93%
Jumelles Taïs & Tia Pikachu
93%
Poké Enfant Marie Pikachu
93%
Pikachu
93%
Poké Enfant Angèle Pikachu
93%
Pikachu
93%
Pikachu
93%
Pikachu
93%
Entrée Charbourg (surf) Vénérable Léonard Riolu
93%
Riolu
93%
Gravalanch
92%
Montagnard Marcel Gravalanch
92%
Gravalanch
92%
Montagnard Nassim Gravalanch
92%
Chaffreux
91%
Mondaine Énola Chaffreux
91%
Chaffreux
91%
Chaffreux
91%
Dinoclier
91%
Ruinemaniac Evan Dinoclier
91%
Ectoplasma
91%
Arène d'Unionpolis Gamin Raphaël Fantominus
91%
Élève Loïc Fantominus
91%
Topdresseur Octavius Fantominus
91%
Fantominus
91%
Galopa
91%
Galopa
91%
Galopa
91%
Galopa
91%
Galopa
91%
Galopa
91%
Scientifique Nico Kadabra
91%
Grotte Revêche Dresseur Maité Kadabra
91%
Kadabra
91%
Scientifique Noah Kadabra
91%
Scientifique Kévin Kadabra
91%
Kadabra
91%
Kadabra
91%
Kranidos
91%
Kranidos
91%
Route 222 Richard Émilien Luxray
91%
Luxray
91%
Karatéka Hiro Mackogneur
91%
Mélo
91%
Mademoiselle Anaïs Mélo
91%
Nostenfer
91%
Nostenfer
91%
Route 205 (sud) Campeur Claudius Ponyta
91%
Cycliste Ken Ponyta
91%
Cycliste Delphine Ponyta
91%
Ponyta
91%
ou Ponyta
91%
Cowgirl Danielle Ponyta
91%
Fermier Anton Ponyta
91%
Fille & Père Ava & Matt Ponyta
91%
Ponyta
91%
Ponyta
91%
Raichu
91%
Pique-Nique Séverine Raichu
91%
Guitariste John Raichu
91%
Raichu
91%
Raichu
91%
Spectrum
91%
Topdresseuse Élisabeth Spectrum
91%
Spectrum
91%
Route Victoire Kinésiste Wolfgang Spectrum
91%
Ouvrier Samy Steelix
91%
Steelix
91%
Arène de Joliberges Karatéka Ignace Steelix
91%
Karatéka Aymeric Steelix
91%
Steelix
91%
Steelix
91%
Charkos
90%
Gamin Yann Crikzik
90%
Crikzik
90%
Collec Robin Griknot
90%
Dracologue Joël Griknot
90%
Dracologue Xav Griknot
90%
Grolem
90%
Moufflair
90%
Moufflair
90%
Sbire Galaxie Moufouette
90%
Pré Floraville Sbire Galaxie Moufouette
90%
Moufouette
90%
Moufouette
90%
Sbire Galaxie Moufouette
90%
Ninja Fan Steven Moufouette
90%
Moufouette
90%
Moufouette
90%
Ninja Fan Rémy Moufouette
90%
Moufouette
90%
Moufouette
90%
Sbire Galaxie Moufouette
90%
Sbire Galaxie Moufouette
90%
Moufouette
90%
Sbire Galaxie Moufouette
90%
Moufouette
90%
Mont Couronné Sbire Galaxie Moufouette
90%
Sbire Galaxie Moufouette
90%
Moufouette
90%
Moufouette
90%
Campeur Erwan Mustebouée
90%
Gamin Julio Mustebouée
90%
ou Mustebouée
90%
Mustebouée
90%
Mustebouée
90%
ou Mustebouée
90%
Mustebouée
90%
Musteflott
90%
ou Musteflott
90%
Musteflott
90%
Nageur Gilles Musteflott
90%
ou Musteflott
90%
Maître Cynthia Spiritomb
90%
Alakazam
89%
Carmache
89%
Carmache
89%
Élékable
89%
Maganon
89%
Ouvrier Travis Magmar
89%
Magmar
89%
Pichu
89%
Poké Enfant Tara Pichu
89%
Pokéfan Amina Pichu
89%
Collec Reno Aquali
88%
Ceribou
88%
Arène de Vestigion Fillette Mélody Ceribou
88%
Mademoiselle Sandrine Ceribou
88%
Combattante Alison Charmina
88%
Charmina
88%
Gamin Chuk Cheniti
88%
Scout Kerwin Cheniti
88%
Cheniti
88%
Givrali
88%
Collec Flavien Mentali
88%
Mentali
88%
Noctali
88%
Phyllali
88%
Pyroli
88%
Pyroli
88%
Voltali
88%
Champion Tanguy Voltali
88%
Ceriflor
87%
Célestia Chef Galaxie Hélio Farfuret
87%
Skieur Édouard Farfuret
87%
Farfuret
87%
Topdresseuse Zara Farfuret
87%
Farfuret
87%
Farfuret
87%
Topdresseuse Nicole Farfuret
87%
Farfuret
87%
Chef Galaxie Hélio Farfuret
87%
Éleveuse Eulalie Magby
87%
Caméraman Ruben Magnéti
87%
Ouvrier Joseph Magnéti
87%
Magnéti
87%
Magnéti
87%
Scientifique Ladislas Magnéti
87%
Magnéti
87%
Ouvrier Galaad Magnéti
87%
Magnéti
87%
Ouvrier Roger Magnéti
87%
Ouvrier Jacky Magnéti
87%
Ouvrier Thierry Magnéti
87%
Magnéti
87%
Magnéti
87%
Ouvrier Layo Magnéti
87%
Magnéti
87%
Guitariste Johnny Magnéti
87%
Kinésiste Medhi Méditikka
87%
Méditikka
87%
Méditikka
87%
Méditikka
87%
Champion Mélina Méditikka
87%
Méditikka
87%
Mélofée
87%
Café Cabane Serveuse Kati Mélofée
87%
Mélofée
87%
Rapion
87%
Collec Nelson Rapion
87%
Rapion
87%
Ninja Fan Ali Rapion
87%
Ninja Fan Alexandre Rapion
87%
Archéomire
86%
Route 215 Ruinemaniac Nectaire Archéomire
86%
Ruinemaniac Samuel Archéomire
86%
Archéomire
86%
Ruinemaniac Hugo Archéomire
86%
Archéomire
86%
Archéomire
86%
Topdresseuse Constance Archéomire
86%
Archéomire
86%
Archéomire
86%
Archéomire
86%
Archéomire
86%
Archéomire
86%
Archéomire
86%
Archéomire
86%
Baudrive
86%
Élève Sonia Baudrive
86%
Baudrive
86%
Baudrive
86%
Arène de Verchamps Flotteur Benoît Castorno
86%
Castorno
86%
Nageuse Tanya Castorno
86%
Charmillon
86%
Canon Liliana Cheniselle
86%
Cheniselle
86%
Cheniselle
86%
Dimoret
86%
Drascore
86%
Route 217 Topdresseur Benjamin Élektek
86%
Topdresseur Isabelle Élektek
86%
Topdresseur Octave Élektek
86%
Évoli
86%
Évoli
86%
Hippodocus
86%
Forêt Vestigion Dresseur Sara Leveinard
86%
Magirêve
86%
Champion Charles Magnéton
86%
Élève Jean-Paul Magnéton
86%
Magnéton
86%
Milobellus
86%
Papinox
86%
Apireine
85%
Apitrini
85%
Blizzaroi
85%
Blizzi
85%
Blizzi
85%
Skieuse Géneviève Blizzi
85%
Skieur Malik Blizzi
85%
Blizzi
85%
Blizzi
85%
Topdresseur Juan Blizzi
85%
Blizzi
85%
Scout Hervé Chenipotte
85%
Scout Pascual Chenipotte
85%
Scout Tim Chenipotte
85%
Cornèbre
85%
Cornèbre
85%
Cornèbre
85%
Cornèbre
85%
Cornèbre
85%
Sbire Galaxie Cornèbre
85%
Sbire Galaxie Cornèbre
85%
Sbire Galaxie Cornèbre
85%
Cornèbre
85%
Cornèbre
85%
Sbire Galaxie Cradopaud
85%
Cradopaud
85%
Ninja Fan Luka Cradopaud
85%
Cradopaud
85%
Karatéka Guillaume Cradopaud
85%
Karatéka Étienne Cradopaud
85%
Karatéka Lucas Cradopaud
85%
Cradopaud
85%
Cradopaud
85%
Rive Lac Courage Sbire Galaxie Cradopaud
85%
Cradopaud
85%
Karatéka Fusaaki Cradopaud
85%
Cradopaud
85%
Sbire Galaxie Cradopaud
85%
Sbire Galaxie Cradopaud
85%
Karatéka Arnaud Cradopaud
85%
Cradopaud
85%
Cradopaud
85%
Sbire Galaxie Cradopaud
85%
Sbire Galaxie Cradopaud
85%
Cradopaud
85%
Cradopaud
85%
Colonnes Lances Sbire Galaxie Cradopaud
85%
Cradopaud
85%
Éleveur Patrice Élékid
85%
Fillette Liane Feuforêve
85%
Feuforêve
85%
Hippopotas
85%
Togekiss
85%
Tritosor
85%
Tritosor
85%
Archéodong
84%
Armulys
84%
Blindalys
84%
Restaurant 7 Étoiles Peintre Joris Mélokrik
84%
Guitariste Edgar Mélokrik
84%
Peintre Achille Mime Jr.
84%
Jumelles Amy & Lin Mime Jr.
84%
Mime Jr.
84%
Jumelles Lia & Liz Pachirisu
84%
Pachirisu
84%
Pachirisu
84%
Fillette Naomi Pachirisu
84%
Pique-Nique Suzy Pachirisu
84%
Pachirisu
84%
Arène de Rivamar Élève Charlène Pachirisu
84%
Sancoki
84%
Flotteur Ed Sancoki
84%
Sancoki
84%
Sancoki
84%
Sancoki
84%
Togépi
84%
Karatéka Koichi Coatox
83%
Coatox
83%
Coatox
83%
Corboss
83%
Corboss
83%
Gallame
83%
Grodrive
83%
Fillette Christelle Laporeille
83%
Jeune Couple Ted & Ann Laporeille
83%
Laporeille
83%
Laporeille
83%
Topdresseur Sabine Mélodelfe
83%
Ptiravi
83%
Tarsal
83%
Pêcheur Yves Barbicha
82%
Conseil 4 Terry Barbicha
82%
Canon Joëlle Écayon
82%
Nageuse Samia Écayon
82%
Écayon
82%
Écayon
82%
Kirlia
82%
Interviewer Léna Kirlia
82%
Kirlia
82%
Topdresseuse Zia Kirlia
82%
Scientifique Nestor Kirlia
82%
Ninja Fan Gaultier Papilord
82%
Papilord
82%
Gardevoir
81%
Collec Florent Goinfrex
81%
Topdresseuse Lilou Lockpin
81%
Canon Betty Lockpin
81%
Magnézone
81%
M.Mime
81%
Topdresseur Grégory M.Mime
81%
Conseil 4 Lucio M.Mime
81%
Togétic
81%
Conseil 4 Aaron Yanmega
81%
Marin Augustin Babimanta
80%
Marin Lorens Babimanta
80%
Nageur Jacques Babimanta
80%
Manzaï
80%
Manzaï
80%
Manzaï
80%
Élève Hercule Maraiste
80%
Maraiste
80%
Maraiste
80%
Topdresseur Aurélien Maraiste
80%
Scorplane
80%
Topdresseur Ambroise Scorplane
80%
Scorvol
80%
Route 208 (surf) Pêcheur Ludovic Barloche
79%
Pêcheur Logan Barloche
79%
Barloche
79%
Barloche
79%
Démanta
79%
Chenal 223 Nageuse Jade Luminéon
79%
Duo José & Pati Luminéon
79%
Momartik
79%
Arène de Frimapic Topdresseur Mario Oniglali
79%
Oniglali
79%
Oniglali
79%
Route 205 (nord) Pêcheur Patrick Poissirène
79%
Poissirène
79%
Croupier Félix Poissirène
79%
Pêcheur Ian Poissirène
79%
Pêcheur Matis Poissirène
79%
Poissirène
79%
Soeur Parasol Mylène Poissirène
79%
Rhinastoc
79%
Croupier Nino Rhinocorne
79%
Rhinocorne
79%
Ronflex
79%
Collec Albin Scarhino
79%
Karatéka Takashi Scarhino
79%
Scarhino
79%
Scarhino
79%
Scarhino
79%
Soeur Parasol Lila Axoloto
78%
Collec Josef Barpau
78%
Barpau
78%
Topdresseur Hugues Cizayox
78%
Cizayox
78%
Monde Distorsion Chef Galaxie Hélio Démolosse
78%
Conseil 4 Adrien Démolosse
78%
Topdresseur Valentin Insécateur
78%
Insécateur
78%
Topdresseur Ninon Leuphorie
78%
Champion Kiméra Skelénox
78%
Kinésiste Michael Skelénox
78%
Skieur Frédéric Stalgamin
78%
Skieuse Julie Stalgamin
78%
Topdresseuse Deena Stalgamin
78%
Stalgamin
78%
Stalgamin
78%
Yanma
78%
Malosse
77%
Malosse
77%
Malosse
77%
Sbire Galaxie Malosse
77%
Sbire Galaxie Malosse
77%
Malosse
77%
Sbire Galaxie Malosse
77%
Malosse
77%
Sbire Galaxie Malosse
77%
Poissoroy
77%
Poissoroy
77%
Poissoroy
77%
Simularbre
77%
Marcacrin
76%
Skieuse Marie-Ange Marcacrin
76%
Skieur Nathan Marcacrin
76%
Octillery
76%
Fillette Marianne Psykokwak
76%
Kinésiste Andréa Psykokwak
76%
Pique-Nique Erin Psykokwak
76%
Canon Juliette Psykokwak
76%
Route 213 (surf) Nageuse Anya Psykokwak
76%
Pêcheur Fabio Rémoraid
76%
Rémoraid
76%
Pêcheur Micha Rémoraid
76%
Rémoraid
76%
Rémoraid
76%
Rémoraid
76%
Flotteur Benji Rémoraid
76%
Rémoraid
76%
Pêcheur Walter Rémoraid
76%
Flotteur Léa Rémoraid
76%
Rémoraid
76%
Vortente
76%
Pkmn Ranger Jonas Vortente
76%
Vortente
76%
Marin Akim Akwakwak
75%
Nageur Ulrick Akwakwak
75%
Akwakwak
75%
Topdresseuse Madeleine Akwakwak
75%
Akwakwak
75%
Nageuse Véréna Akwakwak
75%
Nageuse Sylviane Akwakwak
75%
Akwakwak
75%
Skieuse Marilou Cochignon
75%
Topdresseur Martin Cochignon
75%
Champion Gladys Cochignon
75%
Topdresseur Hippolyte Rhinoféros
75%
Tarinor
75%
Montagnard Désiré Tarinor
75%
Montagnard Tomy Tarinor
75%
Nageur Émile Tentacruel
75%
Tentacruel
75%
Gentleman Walid Pijako
74%
Gentleman Zacharie Pijako
74%
Marin Louis Tentacool
74%
Nageur Pascal Tentacool
74%
Téraclope
74%
Topdresseur Gilbert Mammochon
73%
Noctunoir
73%
Tarinorme
73%
Tarinorme
73%
Route 216 Topdresseur Adam Capidextre
72%
Capidextre
72%
Campeur Corentin Capumain
72%
Campeur Dan Capumain
72%
Éleveur Leila Capumain
72%
Topdresseur Karen Capumain
72%
Campeur Dorian Capumain
72%
Route 214 Kinésiste Kim Korillon
71%
Fillette Camille Korillon
71%
Kinésiste Emily Éoko
70%
Collec Rémi Porygon
69%
Azumarill
68%
Azumarill
68%
Azumarill
68%
Flotteur Angélique Azurill
68%
Békipan
68%
Békipan
68%
Békipan
68%
Békipan
68%
Marin Harold Békipan
68%
Békipan
68%
Excelangue
68%
Richard Nathanaël Excelangue
68%
Marin Damian Goélise
68%
Goélise
68%
Marin Oscar Goélise
68%
Nageur Sauveur Goélise
68%
Goélise
68%
Nageuse Edwige Goélise
68%
Flotteur Angelina Marill
68%
Marill
68%
Marill
68%
Pkmn Ranger Estelle Marill
68%
Nageuse Patricia Marill
68%
Saquedeneu
68%
Vénérable Théobald Saquedeneu
68%
Bouldeneu
66%
Hoothoot
66%
Pique-Nique Alexandra Hoothoot
66%
Route 212 Agent Jeff Hoothoot
66%
Agent Johan Hoothoot
66%
Agent Stéphane Hoothoot
66%
Agent Davy Hoothoot
66%
Agent Melvin Hoothoot
66%
Ornithologue Nadine Hoothoot
66%
Porygon2
65%
Scientifique Ned Porygon2
65%
Coudlangue
64%
Noarfang
64%
Route 211 (est) Ornithologue Josette Noarfang
64%
Agent Edmond Noarfang
64%
Ornithologue Éloïse Noarfang
64%
Vénérable Valéry Porygon-Z
62%
Girafarig
59%
Dracologue Igor Altaria
57%
Tylton
55%
Tylton
55%
Tropius
50%
Topdresseuse Olivia Tropius
50%
Absol
44%
Aucun quiz correspondant
Distribution des résultats
% des personnes avec chaque résultat
Percentile par nombre de réponses
Votre historique - résultats
Vous n’avez pas pris ce quiz